[Event "Marseille op 16th"]
[Site "Marseille"]
[Date "2023.12.30"]
[Round "9"]
[White "Gusain, Himal"]
[Black "Vu Dinh, Adrien"]
[Result "1-0"]
[WhiteElo "2457"]
[BlackElo "2234"]
[PlyCount "53"]
[EventDate "2023.12.30"]
[EventType "swiss"]
[EventRounds "9"]
[EventCountry "FRA"]
[SourceTitle "CB01_2024"]
[SourceDate "2024.01.03"]
[SourceVersion "1"]
[SourceVersionDate "2024.01.03"]
[SourceQuality "1"]

1. Nf3 Nf6 2. b3 c5 3. Bb2 Nc6 4. c4 d5 5. cxd5 Nxd5 6. g3 f6 7. Bg2 e5 8. 0-0 Be6 9. e3 Be7 10. Qe2 Nc7 11. Rd1 Qc8 12. Nc3 0-0 13. d4 cxd4 14. exd4 exd4 15. Nxd4 Nxd4 16. Rxd4 Bc5 17. Rh4 Bb6 18. Na4 Qe8 19. Nxb6 axb6 20. Qc2 Qg6 21. Qxc7 Rxa2 22. Rxa2 Qb1+ 23. Bf1 Qxa2 24. Bc4 Qxb2 25. Bxe6+ Kh8 26. Bf5 Qc1+ 27. Qxc1 1-0

[Event "FRA-ch op-A"]
[Site "L'Alpe d'Huez"]
[Date "2023.08.21"]
[Round "3"]
[White "Orieux, Etienne"]
[Black "Vu Dinh, Adrien"]
[Result "1-0"]
[WhiteElo "2084"]
[BlackElo "2189"]
[PlyCount "151"]
[EventDate "2023.08.19"]
[EventType "swiss"]
[EventRounds "9"]
[EventCountry "FRA"]
[SourceTitle "EXT 2024"]
[Source "ChessBase"]
[SourceDate "2023.10.10"]
[SourceVersion "1"]
[SourceVersionDate "2023.10.10"]
[SourceQuality "1"]

1. e4 c5 2. c3 Nf6 3. e5 Nd5 4. Nf3 e6 5. d4 cxd4 6. cxd4 b6 7. Bc4 Bb4+ 8. Nbd2 Ba6 9. 0-0 Bxd2 10. Nxd2 0-0 11. Bxa6 Nxa6 12. Ne4 Nac7 13. Bg5 Qb8 14. Qg4 Kh8 15. Qh4 Kg8 16. Rad1 Ne8 17. Rd3 f5 18. exf6 Ndxf6 19. Nxf6+ Nxf6 20. Rg3 Ne8 21. Rh3 Nf6 22. Bxf6 Rxf6 23. Qxh7+ Kf7 24. d5 Qe5 25. dxe6+ dxe6 26. Qc2 Rd8 27. Rc3 Rd7 28. Rd1 Re7 29. h3 Qf5 30. Qe2 Kg6 31. Rf3 Qh5 32. Rg3+ Kh6 33. Rd8 g6 34. Rh8+ Rh7 35. Rxh7+ Kxh7 36. Qxh5+ gxh5 37. Rg5 Kh6 38. Re5 h4 39. Kf1 Rg6 40. a3 Rf6 41. b4 a6 42. Re4 Kh5 43. Rd4 e5 44. Rd5 Re6 45. f4 Kg6 46. Rxe5 Rc6 47. Kf2 Kf6 48. Kf3 Rc2 49. Re2 Rc3+ 50. Kg4 Rxa3 51. Kxh4 Rb3 52. Re4 a5 53. bxa5 bxa5 54. Re5 a4 55. Ra5 a3 56. g4 Rf3 57. f5 Kg7 58. g5 a2 59. Ra7+ Kf8 60. Rxa2 Rxf5 61. Kh5 Kg8 62. Kg6 Rf8 63. h4 Rb8 64. Ra6 Kh8 65. Rd6 Kg8 66. h5 Ra8 67. Kf6 Rf8+ 68. Kg6 Ra8 69. h6 Rb8 70. Rd5 Rb6+ 71. Kh5 Rb8 72. g6 Kh8 73. Kg5 Kg8 74. h7+ Kg7 75. Rd7+ Kh8 76. Kh6 1-0

[Event "Marseille Estival 1st"]
[Site "Marseille"]
[Date "2023.08.06"]
[Round "9"]
[White "Zienkiewicz, Jan"]
[Black "Vu Dinh, Adrien"]
[Result "1/2-1/2"]
[WhiteElo "2177"]
[BlackElo "2189"]
[PlyCount "24"]
[EventDate "2023.07.31"]
[EventType "swiss"]
[EventRounds "9"]
[EventCountry "FRA"]
[SourceTitle "CBM 215 Extra"]
[Source "ChessBase"]
[SourceDate "2023.09.30"]
[SourceVersion "1"]
[SourceVersionDate "2023.09.30"]
[SourceQuality "1"]

1. e4 e5 2. Nf3 Nc6 3. Bb5 a6 4. Ba4 f5 5. d4 exd4 6. e5 b5 7. Bb3 Na5 8. Nxd4 Bb7 9. Nxf5 d6 10. Nxg7+ Bxg7 11. Qh5+ Kd7 12. Qg4+ Kc6 1/2-1/2

[Event "Marseille Estival 1st"]
[Site "Marseille"]
[Date "2023.08.05"]
[Round "8"]
[White "Vu Dinh, Adrien"]
[Black "Bassal, Samuel"]
[Result "1-0"]
[WhiteElo "2189"]
[BlackElo "1974"]
[PlyCount "117"]
[EventDate "2023.07.31"]
[EventType "swiss"]
[EventRounds "9"]
[EventCountry "FRA"]
[SourceTitle "CBM 215 Extra"]
[Source "ChessBase"]
[SourceDate "2023.09.30"]
[SourceVersion "1"]
[SourceVersionDate "2023.09.30"]
[SourceQuality "1"]

1. e4 e6 2. d4 d5 3. Nd2 dxe4 4. Nxe4 Nf6 5. Nxf6+ Qxf6 6. Nf3 h6 7. g3 b6 8. Bg2 Bb7 9. 0-0 Bd6 10. Re1 0-0 11. b3 c5 12. Bb2 Rd8 13. dxc5 Qxb2 14. cxd6 Qa3 15. Ne5 Bxg2 16. Nc4 Qc5 17. Kxg2 b5 18. Ne5 Nc6 19. Qh5 g6 20. Qe2 Nxe5 21. Qxe5 Qc6+ 22. Kg1 Rxd6 23. Rac1 Rad8 24. c4 bxc4 25. Rxc4 Qd5 26. Ra4 R8d7 27. h4 h5 28. Qf6 Qf5 29. Qxf5 gxf5 30. Re5 Rb7 31. Rea5 Rdd7 32. Rc5 Rdc7 33. Rac4 Rxc5 34. Rxc5 Rb6 35. Ra5 Rb7 36. Kf1 Kg7 37. Ke2 Kf6 38. Kd3 Ke7 39. Ra6 Kd7 40. Kd4 f6 41. Kc5 Rc7+ 42. Kb5 Rb7+ 43. Ka4 Rc7 44. b4 Rb7 45. a3 Rc7 46. b5 Rb7 47. Rc6 Rb6 48. Rxb6 axb6 49. Kb4 e5 50. a4 f4 51. gxf4 exf4 52. f3 Kd6 53. a5 bxa5+ 54. Kxa5 Kc7 55. Ka6 Kb8 56. Kb6 f5 57. Ka6 Ka8 58. b6 Kb8 59. b7 1-0

[Event "FRA-ch U12/16"]
[Site "Agen"]
[Date "2023.04.28"]
[Round "7"]
[White "Trevisiol, Antoine"]
[Black "Vu Dinh, Adrien"]
[Result "1-0"]
[WhiteElo "2002"]
[BlackElo "1981"]
[PlyCount "147"]
[EventDate "2023.04.23"]
[EventType "swiss"]
[EventRounds "9"]
[EventCountry "FRA"]
[SourceTitle "CBM 214 Extra"]
[Source "ChessBase"]
[SourceDate "2023.07.31"]
[SourceVersion "1"]
[SourceVersionDate "2023.07.31"]
[SourceQuality "1"]

1. d4 Nf6 2. c4 g6 3. Nc3 d5 4. cxd5 Nxd5 5. e4 Nxc3 6. bxc3 Bg7 7. Be3 c5 8. Nf3 Bg4 9. Rc1 0-0 10. Be2 Qa5 11. Qd2 cxd4 12. cxd4 Qxd2+ 13. Nxd2 Bxe2 14. Kxe2 Na6 15. Rc3 Rfd8 16. Nb3 e6 17. a3 Bf8 18. Na5 b6 19. Nc6 Rd7 20. Rhc1 f6 21. Bf4 Kf7 22. g4 g5 23. Bg3 Re8 24. h4 h6 25. Rf3 Kg6 26. Rcc3 Bg7 27. e5 gxh4 28. exf6 Bxf6 29. Ne5+ Bxe5 30. Bxe5 Kg5 31. Rf6 Kxg4 32. f3+ Kg5 33. Rc1 Kh5 34. Rg1 Nc7 35. Rf4 Nd5 36. Rfg4 Rc8 37. Rh1 Rc2+ 38. Kd3 Rc3+ 39. Kd2 Rc2+ 40. Kxc2 Ne3+ 41. Kd3 Nxg4 42. fxg4+ Kxg4 43. Bf6 Kf5 44. Rf1+ Kg4 45. Ke4 Kg3 46. Rf3+ Kg2 47. Rc3 Rd5 48. Bxh4 Ra5 49. Rc2+ Kh3 50. Be7 Kg4 51. Rg2+ Kh5 52. Bf8 Rf5 53. Rh2+ Kg6 54. Bxh6 Ra5 55. Bf8 Kf7 56. Bb4 Rb5 57. Rh7+ Ke8 58. Rxa7 Kd8 59. Rh7 Rf5 60. Re7 b5 61. Rxe6 Rh5 62. Re5 Rh4+ 63. Kd5 Kd7 64. Bc5 Rh3 65. Re7+ Kd8 66. Kc6 Rh6+ 67. Kxb5 Rg6 68. a4 Kc8 69. a5 Rg8 70. a6 Kb8 71. d5 Rd8 72. Kc6 Rc8+ 73. Kb6 Ka8 74. Ra7+ 1-0

[Event "FRA Top 16 Higher Pool U16"]
[Site "France"]
[Date "2022.06.04"]
[Round "1.4"]
[White "Vu Dinh, Adrien"]
[Black "Baldandorj, Telmen"]
[Result "1-0"]
[WhiteElo "2039"]
[BlackElo "1648"]
[PlyCount "193"]
[EventDate "2022.06.04"]
[EventType "tourn"]
[EventRounds "4"]
[EventCountry "FRA"]
[SourceTitle "EXT 2023"]
[Source "ChessBase"]
[SourceDate "2022.10.05"]
[SourceVersion "1"]
[SourceVersionDate "2022.10.05"]
[SourceQuality "1"]

1. e4 c5 2. Nf3 e6 3. d4 cxd4 4. Nxd4 Nf6 5. Nc3 Nc6 6. Ndb5 Bb4 7. a3 Bxc3+ 8. Nxc3 d5 9. exd5 exd5 10. Bd3 0-0 11. 0-0 h6 12. b4 Ne5 13. Bb2 Nxd3 14. Qxd3 b6 15. Rad1 Bb7 16. Ne2 Rc8 17. h3 Rc4 18. Nd4 Bc8 19. Rfe1 Qc7 20. Nb5 Qd7 21. Bxf6 Qxb5 22. Qg3 g6 23. Qe5 Qc6 24. Rxd5 Qe6 25. Rd2 Qxe5 26. Bxe5 Bf5 27. c3 Re8 28. Re3 Be6 29. Bf6 Kh7 30. Rd4 Rec8 31. Rd6 Re8 32. Bd4 g5 33. Rf3 Rcc8 34. Rf6 Red8 35. Rdxe6 fxe6 36. Rf7+ Kg6 37. Rf6+ Kh7 38. Rf7+ Kg6 39. Rxa7 b5 40. g4 h5 41. Rg7+ Kh6 42. Rf7 hxg4 43. hxg4 Re8 44. Rf6+ Kh7 45. Rf7+ Kg6 46. Rg7+ Kh6 47. Be5 Ra8 48. Rb7 Rxa3 49. Rxb5 Ra1+ 50. Kg2 Rd1 51. Bf6 Rd5 52. Rb7 Kg6 53. Bd4 e5 54. Be3 Rd6 55. c4 Rc6 56. c5 Rec8 57. Kf3 Kf6 58. Ke4 Ke6 59. Bxg5 R8c7 60. Rb8 Rc8 61. Rb5 Rg8 62. f4 exf4 63. Kxf4 Kd5 64. Be7 Rc7 65. Bf6 Rc6 66. g5 Rf8 67. Kf5 Re6 68. Rb7 Re1 69. Rd7+ Kc6 70. Rd6+ Kb5 71. Rb6+ Kc4 72. Kg6 Rb1 73. Kg7 Rc8 74. Rb7 Rxc5 75. Kf7 Rxg5 76. Bxg5 Rxb4 77. Rd7 Rb5 78. Bf6 Rf5 79. Ke6 Rf1 80. Rc7+ Kb5 81. Bd4 Rh1 82. Kd5 Rh5+ 83. Be5 Kb6 84. Rc1 Kb7 85. Rb1+ Kc8 86. Rb8+ Kd7 87. Rb7+ Kc8 88. Ra7 Kd8 89. Ke6 Rh6+ 90. Kd5 Ke8 91. Bd6 Rh5+ 92. Kc6 Rh1 93. Re7+ Kd8 94. Re4 Rc1+ 95. Bc5 Rc2 96. Ra4 Ke8 97. Rf4 1-0

[Event "FRA-ch U12"]
[Site "Agen"]
[Date "2021.10.28"]
[Round "6"]
[White "Vu Dinh, Adrien"]
[Black "Lissillour, Baptiste"]
[Result "1-0"]
[WhiteElo "1844"]
[BlackElo "1952"]
[PlyCount "125"]
[EventDate "2021.10.22"]
[EventType "swiss"]
[EventRounds "9"]
[EventCountry "FRA"]
[SourceTitle "EXT 2023"]
[Source "ChessBase"]
[SourceDate "2022.10.05"]
[SourceVersion "1"]
[SourceVersionDate "2022.10.05"]
[SourceQuality "1"]

1. e4 c5 2. Nf3 Nc6 3. d4 cxd4 4. Nxd4 Nf6 5. Nc3 e5 6. Ndb5 d6 7. Bg5 a6 8. Na3 b5 9. Nd5 Be7 10. Bxf6 Bxf6 11. c3 0-0 12. g3 Bg5 13. Bg2 Rb8 14. Nc2 Be6 15. Nce3 Bxe3 16. Nxe3 b4 17. 0-0 bxc3 18. bxc3 Qc7 19. Qa4 Na5 20. Rfd1 Nc4 21. Nxc4 Bxc4 22. Bf1 Bxf1 23. Kxf1 Qxc3 24. Qxa6 Qf3 25. Kg1 Rb2 26. Rf1 Rd2 27. Rae1 f5 28. Re3 Qh5 29. Rd3 Qe2 30. Rxd6 fxe4 31. Qxe2 Rxe2 32. Ra6 e3 33. fxe3 Rxf1+ 34. Kxf1 Rxh2 35. Ra7 h6 36. a4 Ra2 37. a5 Kh7 38. a6 Kg6 39. Ke1 Rg2 40. Ra8 Rxg3 41. Kd2 Rg4 42. Kc3 Ra4 43. Kb3 Ra1 44. Kb4 h5 45. Kb5 h4 46. Kb6 Kf5 47. Rf8+ Kg4 48. a7 h3 49. a8Q Rxa8 50. Rxa8 Kf3 51. Rh8 Kxe3 52. Rxh3+ Kf2 53. Kc5 g5 54. Rh5 g4 55. Rf5+ Kg2 56. Kd5 g3 57. Ke4 Kh3 58. Rh5+ Kg4 59. Rh8 g2 60. Rg8+ Kh3 61. Kf3 e4+ 62. Kf2 e3+ 63. Kg1 1-0